Essential quantitative methods for business, management, and finance / (Record no. 4302)
[ view plain ]
| 000 -LEADER | |
|---|---|
| fixed length control field | 01553cam a22001934a 4500 |
| 020 ## - INTERNATIONAL STANDARD BOOK NUMBER | |
| ISBN | 1403949913 |
| 020 ## - INTERNATIONAL STANDARD BOOK NUMBER | |
| ISBN | 9781403949912 |
| 050 00 - CALL NUMBER | |
| Classification number | HF5691 |
| Item number | .O23 |
| 100 1# - AUTHOR | |
| Personal name | Oakshott, Les. |
| 245 10 - TITLE | |
| Title | Essential quantitative methods for business, management, and finance / |
| Statement of responsibility, etc | Les Oakshott. |
| 250 ## - EDITION | |
| Edition statement | 3rd ed. |
| 260 ## - PUBLICATION INFORMATION | |
| Place of publication | Basingstoke [England] ; |
| -- | New York : |
| Name of publisher | Palgrave Macmillan, |
| Year of publication | 2006. |
| 300 ## - DESCRIPTION | |
| Number of Pages | x, 484 p. : |
| Other physical details | ill. ; |
| Dimensions | 25 cm. |
| 500 ## - NOTES | |
| General note | Includes Index<br/>Previous ed.: 2001. |
| 505 ## - FORMATTED CONTENTS NOTE | |
| Table of Content | Part I: Mathematical Application<br/>Chapter 1: Revision Mathematics <br/>Chapter 2: Keeping Up with Change : Index Numbers<br/>Chapter 3: Choosing Wisely : Investment Appraisal <br/><br/>Part II: Collecting and Interpreting Data<br/>Chapter 4: Collecting Data : Surveys and Samples <br/>Chapter 5: Finding Patterns in Data : Charts and Tables <br/>Chapter 6: Making Sense of Data : Averages and Measures of Spread <br/><br/>Part III: Probability and Statistics<br/>Chapter 7: Taking a Chance : Probability <br/>Chapter 8: The Shape of Data : Probability Distributions <br/>Chapter 9: Interpreting with Confidence : Analysis of Sample Data <br/>Chapter 10: Checking Ideas : Testing a Hypothesis <br/>Chapter 11: Cause and Effect : Correlation and Regression<br/><br/>Part IV: Decision - Making Techniques<br/>Chapter 12: How to Make Good Decisions <br/>Chapter 13: Forecasting : Time Series Analysis <br/>Chapter 14: Making the most of Things : Linear Programming<br/>Chapter 15: Planning Large Projects : Network Analysis. |
| 650 #0 - SUBJECTS | |
| Topical Term | Business mathematics. |
| 650 #0 - SUBJECTS | |
| Topical Term | Finance |
| General subdivision | Mathematical models. |
| 942 ## - ADDED ENTRY ELEMENTS (KOHA) | |
| Koha item type | Books |
| Withdrawn status | Lost status | Home library | Current library | Shelving location | Date acquired | Full call number | Accession Number | Koha item type |
|---|---|---|---|---|---|---|---|---|
| Methodist University Library Tema | Methodist University Library Tema | Reference | 30/05/2011 | HF5691 .O23 | 33481 | Books |